<?xml version="1.0" encoding="UTF-8"?>
<record
    xmlns:xsi="http://www.w3.org/2001/XMLSchema-instance"
    xsi:schemaLocation="http://www.loc.gov/MARC21/slim http://www.loc.gov/standards/marcxml/schema/MARC21slim.xsd"
    xmlns="http://www.loc.gov/MARC21/slim">

  <leader>00922nas a2200253 454500</leader>
  <controlfield tag="001">56182</controlfield>
  <controlfield tag="005">20260407193512.0</controlfield>
  <controlfield tag="008">260407s1933####ag###########|||spa#d</controlfield>
  <controlfield tag="003">AR-UNSa-BCEJYS</controlfield>
  <datafield tag="040" ind1=" " ind2=" ">
    <subfield code="a">AR-UNSa-BCEJYS</subfield>
    <subfield code="b">spa</subfield>
    <subfield code="c">AR-UNSa-BCEJYS</subfield>
  </datafield>
  <datafield tag="080" ind1=" " ind2=" ">
    <subfield code="a">330.43</subfield>
    <subfield code="x">Econometr&#xED;a</subfield>
  </datafield>
  <datafield tag="245" ind1="1" ind2="0">
    <subfield code="a">Econometrica</subfield>
    <subfield code="p">Journal of the econometric society</subfield>
  </datafield>
  <datafield tag="022" ind1=" " ind2=" ">
    <subfield code="a">0012-9682</subfield>
  </datafield>
  <datafield tag="264" ind1=" " ind2="1">
    <subfield code="a">Vermont :</subfield>
    <subfield code="b">Econometric Society</subfield>
    <subfield code="c">1933</subfield>
  </datafield>
  <datafield tag="310" ind1=" " ind2=" ">
    <subfield code="a">Periodicidad: Bimestral
Arbitraje: Revisi&#xF3;n por pares

Cambia de Director a partir del a&#xF1;o 1992 por Guy Laroque
Cambia de Director a partir del a&#xF1;o 2007 por Stephen Morris</subfield>
  </datafield>
  <datafield tag="041" ind1=" " ind2=" ">
    <subfield code="a">spa</subfield>
  </datafield>
  <datafield tag="942" ind1=" " ind2=" ">
    <subfield code="c">SER</subfield>
  </datafield>
  <datafield tag="590" ind1=" " ind2=" ">
    <subfield code="a">niveau_biblio:s niveau_hierar:1</subfield>
  </datafield>
  <datafield tag="100" ind1="1" ind2=" ">
    <subfield code="a">Frisch, Ragnar</subfield>
  </datafield>
  <datafield tag="650" ind1=" " ind2=" ">
    <subfield code="a">Econometr&#xED;a</subfield>
  </datafield>
  <datafield tag="650" ind1=" " ind2=" ">
    <subfield code="a">ECONOMIA</subfield>
  </datafield>
  <datafield tag="650" ind1=" " ind2=" ">
    <subfield code="a">TEORIA ECONOMICA</subfield>
  </datafield>
  <datafield tag="856" ind1="4" ind2="1">
    <subfield code="u">https://www.biblioeco.unsa.edu.ar/pmb/images/revistas/R00463.jpg</subfield>
    <subfield code="y">Imagen de portada</subfield>
    <subfield code="q">image/jpeg</subfield>
  </datafield>
  <datafield tag="999" ind1=" " ind2=" ">
    <subfield code="c">8978</subfield>
    <subfield code="d">8978</subfield>
  </datafield>
  <datafield tag="952" ind1=" " ind2=" ">
    <subfield code="0">0</subfield>
    <subfield code="1">0</subfield>
    <subfield code="4">0</subfield>
    <subfield code="7">0</subfield>
    <subfield code="a">BCEJYS</subfield>
    <subfield code="b">BCEJYS</subfield>
    <subfield code="c">17</subfield>
    <subfield code="d">2022-07-01</subfield>
    <subfield code="h">Vol. 90, N&#xBA; 4 - jul. 2022</subfield>
    <subfield code="l">0</subfield>
    <subfield code="o">H330.43 JES v90.n4</subfield>
    <subfield code="p">R10549</subfield>
    <subfield code="r">2026-04-10 16:10:20</subfield>
    <subfield code="w">2026-04-10</subfield>
    <subfield code="y">RN</subfield>
  </datafield>
  <datafield tag="952" ind1=" " ind2=" ">
    <subfield code="0">0</subfield>
    <subfield code="1">0</subfield>
    <subfield code="4">0</subfield>
    <subfield code="7">0</subfield>
    <subfield code="a">BCEJYS</subfield>
    <subfield code="b">BCEJYS</subfield>
    <subfield code="c">17</subfield>
    <subfield code="d">2021-05-01</subfield>
    <subfield code="h">Vol. 89, N&#xBA; 3 - may. 2021</subfield>
    <subfield code="l">0</subfield>
    <subfield code="o">H330.43 JES v89.n3</subfield>
    <subfield code="p">R10053</subfield>
    <subfield code="r">2026-04-10 16:10:20</subfield>
    <subfield code="w">2026-04-10</subfield>
    <subfield code="y">RN</subfield>
  </datafield>
  <datafield tag="952" ind1=" " ind2=" ">
    <subfield code="0">0</subfield>
    <subfield code="1">0</subfield>
    <subfield code="4">0</subfield>
    <subfield code="7">0</subfield>
    <subfield code="a">BCEJYS</subfield>
    <subfield code="b">BCEJYS</subfield>
    <subfield code="c">17</subfield>
    <subfield code="d">2013-11-01</subfield>
    <subfield code="h">Vol. 81, N&#xBA; 6 - nov. 2013</subfield>
    <subfield code="l">0</subfield>
    <subfield code="o">H330.43 JES v81.n6</subfield>
    <subfield code="p">R10052</subfield>
    <subfield code="r">2026-04-10 16:10:20</subfield>
    <subfield code="w">2026-04-10</subfield>
    <subfield code="y">RN</subfield>
  </datafield>
  <datafield tag="952" ind1=" " ind2=" ">
    <subfield code="0">0</subfield>
    <subfield code="1">0</subfield>
    <subfield code="4">0</subfield>
    <subfield code="7">0</subfield>
    <subfield code="a">BCEJYS</subfield>
    <subfield code="b">BCEJYS</subfield>
    <subfield code="c">17</subfield>
    <subfield code="d">2013-09-01</subfield>
    <subfield code="h">Vol. 81, N&#xBA; 5 - sep. 2013</subfield>
    <subfield code="l">0</subfield>
    <subfield code="o">H330.43 JES v81.n5</subfield>
    <subfield code="p">R10054</subfield>
    <subfield code="r">2026-04-10 16:10:20</subfield>
    <subfield code="w">2026-04-10</subfield>
    <subfield code="y">RN</subfield>
  </datafield>
  <datafield tag="952" ind1=" " ind2=" ">
    <subfield code="0">0</subfield>
    <subfield code="1">0</subfield>
    <subfield code="4">0</subfield>
    <subfield code="7">0</subfield>
    <subfield code="a">BCEJYS</subfield>
    <subfield code="b">BCEJYS</subfield>
    <subfield code="c">17</subfield>
    <subfield code="d">2013-07-01</subfield>
    <subfield code="h">Vol. 81, N&#xBA; 4 - jul. 2013</subfield>
    <subfield code="l">0</subfield>
    <subfield code="o">H330.43 JES v81.n4</subfield>
    <subfield code="p">R14003</subfield>
    <subfield code="r">2026-04-10 16:10:20</subfield>
    <subfield code="w">2026-04-10</subfield>
    <subfield code="y">RN</subfield>
  </datafield>
  <datafield tag="952" ind1=" " ind2=" ">
    <subfield code="0">0</subfield>
    <subfield code="1">0</subfield>
    <subfield code="4">0</subfield>
    <subfield code="7">0</subfield>
    <subfield code="a">BCEJYS</subfield>
    <subfield code="b">BCEJYS</subfield>
    <subfield code="c">17</subfield>
    <subfield code="d">2013-05-01</subfield>
    <subfield code="h">Vol. 81, N&#xBA; 3 - may. 2013</subfield>
    <subfield code="l">0</subfield>
    <subfield code="o">H330.43 JES v81.n3</subfield>
    <subfield code="p">R10023</subfield>
    <subfield code="r">2026-04-10 16:10:20</subfield>
    <subfield code="w">2026-04-10</subfield>
    <subfield code="y">RN</subfield>
  </datafield>
  <datafield tag="952" ind1=" " ind2=" ">
    <subfield code="0">0</subfield>
    <subfield code="1">0</subfield>
    <subfield code="4">0</subfield>
    <subfield code="7">0</subfield>
    <subfield code="a">BCEJYS</subfield>
    <subfield code="b">BCEJYS</subfield>
    <subfield code="c">17</subfield>
    <subfield code="d">2013-01-01</subfield>
    <subfield code="h">Vol. 81, N&#xBA; 1 - ene. 2013</subfield>
    <subfield code="l">0</subfield>
    <subfield code="o">H330.43 JES v81.n1</subfield>
    <subfield code="p">R10024</subfield>
    <subfield code="r">2026-04-10 16:10:20</subfield>
    <subfield code="w">2026-04-10</subfield>
    <subfield code="y">RN</subfield>
  </datafield>
  <datafield tag="952" ind1=" " ind2=" ">
    <subfield code="0">0</subfield>
    <subfield code="1">0</subfield>
    <subfield code="4">0</subfield>
    <subfield code="7">0</subfield>
    <subfield code="a">BCEJYS</subfield>
    <subfield code="b">BCEJYS</subfield>
    <subfield code="c">17</subfield>
    <subfield code="d">2012-11-01</subfield>
    <subfield code="h">Vol. 80, N&#xBA; 6 - nov. 2012</subfield>
    <subfield code="l">0</subfield>
    <subfield code="o">H330.43 JES v80.n6</subfield>
    <subfield code="p">R10025</subfield>
    <subfield code="r">2026-04-10 16:10:20</subfield>
    <subfield code="w">2026-04-10</subfield>
    <subfield code="y">RN</subfield>
  </datafield>
  <datafield tag="952" ind1=" " ind2=" ">
    <subfield code="0">0</subfield>
    <subfield code="1">0</subfield>
    <subfield code="4">0</subfield>
    <subfield code="7">0</subfield>
    <subfield code="a">BCEJYS</subfield>
    <subfield code="b">BCEJYS</subfield>
    <subfield code="c">17</subfield>
    <subfield code="d">2012-09-01</subfield>
    <subfield code="h">Vol. 80, N&#xBA; 5 - sep. 2012</subfield>
    <subfield code="l">0</subfield>
    <subfield code="o">H330.43 JES v80.n5</subfield>
    <subfield code="p">R10026</subfield>
    <subfield code="r">2026-04-10 16:10:20</subfield>
    <subfield code="w">2026-04-10</subfield>
    <subfield code="y">RN</subfield>
  </datafield>
  <datafield tag="952" ind1=" " ind2=" ">
    <subfield code="0">0</subfield>
    <subfield code="1">0</subfield>
    <subfield code="4">0</subfield>
    <subfield code="7">0</subfield>
    <subfield code="a">BCEJYS</subfield>
    <subfield code="b">BCEJYS</subfield>
    <subfield code="c">17</subfield>
    <subfield code="d">2012-05-01</subfield>
    <subfield code="h">Vol. 80, N&#xBA; 3 - may. 2012</subfield>
    <subfield code="l">0</subfield>
    <subfield code="o">H330.43 JES v80.n3</subfield>
    <subfield code="p">R14001</subfield>
    <subfield code="r">2026-04-10 16:10:20</subfield>
    <subfield code="w">2026-04-10</subfield>
    <subfield code="y">RN</subfield>
  </datafield>
  <datafield tag="952" ind1=" " ind2=" ">
    <subfield code="0">0</subfield>
    <subfield code="1">0</subfield>
    <subfield code="4">0</subfield>
    <subfield code="7">0</subfield>
    <subfield code="a">BCEJYS</subfield>
    <subfield code="b">BCEJYS</subfield>
    <subfield code="c">17</subfield>
    <subfield code="d">2011-07-01</subfield>
    <subfield code="h">Vol. 79, N&#xBA; 4 - jul. 2011</subfield>
    <subfield code="l">0</subfield>
    <subfield code="o">H330.43 JES v79.n4</subfield>
    <subfield code="p">R10051</subfield>
    <subfield code="r">2026-04-10 16:10:20</subfield>
    <subfield code="w">2026-04-10</subfield>
    <subfield code="y">RN</subfield>
  </datafield>
  <datafield tag="952" ind1=" " ind2=" ">
    <subfield code="0">0</subfield>
    <subfield code="1">0</subfield>
    <subfield code="4">0</subfield>
    <subfield code="7">0</subfield>
    <subfield code="a">BCEJYS</subfield>
    <subfield code="b">BCEJYS</subfield>
    <subfield code="c">17</subfield>
    <subfield code="d">2011-05-01</subfield>
    <subfield code="h">Vol. 79, N&#xBA; 3 - may. 2011</subfield>
    <subfield code="l">0</subfield>
    <subfield code="o">H330.43 JES v79.n3</subfield>
    <subfield code="p">R10050</subfield>
    <subfield code="r">2026-04-10 16:10:20</subfield>
    <subfield code="w">2026-04-10</subfield>
    <subfield code="y">RN</subfield>
  </datafield>
  <datafield tag="952" ind1=" " ind2=" ">
    <subfield code="0">0</subfield>
    <subfield code="1">0</subfield>
    <subfield code="4">0</subfield>
    <subfield code="7">0</subfield>
    <subfield code="a">BCEJYS</subfield>
    <subfield code="b">BCEJYS</subfield>
    <subfield code="c">17</subfield>
    <subfield code="d">2011-03-01</subfield>
    <subfield code="h">Vol. 79, N&#xBA; 2 - mar. 2011</subfield>
    <subfield code="l">0</subfield>
    <subfield code="o">H330.43 JES v79.n2</subfield>
    <subfield code="p">R10049</subfield>
    <subfield code="r">2026-04-10 16:10:20</subfield>
    <subfield code="w">2026-04-10</subfield>
    <subfield code="y">RN</subfield>
  </datafield>
  <datafield tag="952" ind1=" " ind2=" ">
    <subfield code="0">0</subfield>
    <subfield code="1">0</subfield>
    <subfield code="4">0</subfield>
    <subfield code="7">0</subfield>
    <subfield code="a">BCEJYS</subfield>
    <subfield code="b">BCEJYS</subfield>
    <subfield code="c">17</subfield>
    <subfield code="d">2011-01-01</subfield>
    <subfield code="h">Vol. 79, N&#xBA; 1 - ene. 2011</subfield>
    <subfield code="l">0</subfield>
    <subfield code="o">H330.43 JES v79.n1</subfield>
    <subfield code="p">R10047</subfield>
    <subfield code="r">2026-04-10 16:10:20</subfield>
    <subfield code="w">2026-04-10</subfield>
    <subfield code="y">RN</subfield>
  </datafield>
  <datafield tag="952" ind1=" " ind2=" ">
    <subfield code="0">0</subfield>
    <subfield code="1">0</subfield>
    <subfield code="4">0</subfield>
    <subfield code="7">0</subfield>
    <subfield code="a">BCEJYS</subfield>
    <subfield code="b">BCEJYS</subfield>
    <subfield code="c">17</subfield>
    <subfield code="d">2010-11-01</subfield>
    <subfield code="h">Vol. 78, N&#xBA; 6 - nov. 2010</subfield>
    <subfield code="l">0</subfield>
    <subfield code="o">H330.43 JES v78.n6</subfield>
    <subfield code="p">R10046</subfield>
    <subfield code="r">2026-04-10 16:10:20</subfield>
    <subfield code="w">2026-04-10</subfield>
    <subfield code="y">RN</subfield>
  </datafield>
  <datafield tag="952" ind1=" " ind2=" ">
    <subfield code="0">0</subfield>
    <subfield code="1">0</subfield>
    <subfield code="4">0</subfield>
    <subfield code="7">0</subfield>
    <subfield code="a">BCEJYS</subfield>
    <subfield code="b">BCEJYS</subfield>
    <subfield code="c">17</subfield>
    <subfield code="d">2010-09-01</subfield>
    <subfield code="h">Vol. 78, N&#xBA; 5 - sep. 2010</subfield>
    <subfield code="l">0</subfield>
    <subfield code="o">H330.43 JES v78.n5</subfield>
    <subfield code="p">R10045</subfield>
    <subfield code="r">2026-04-10 16:10:20</subfield>
    <subfield code="w">2026-04-10</subfield>
    <subfield code="y">RN</subfield>
  </datafield>
  <datafield tag="952" ind1=" " ind2=" ">
    <subfield code="0">0</subfield>
    <subfield code="1">0</subfield>
    <subfield code="4">0</subfield>
    <subfield code="7">0</subfield>
    <subfield code="a">BCEJYS</subfield>
    <subfield code="b">BCEJYS</subfield>
    <subfield code="c">17</subfield>
    <subfield code="d">2010-07-01</subfield>
    <subfield code="h">Vol. 78, N&#xBA; 4 - jul. 2010</subfield>
    <subfield code="l">0</subfield>
    <subfield code="o">H330.43 JES v78.n4</subfield>
    <subfield code="p">R10044</subfield>
    <subfield code="r">2026-04-10 16:10:20</subfield>
    <subfield code="w">2026-04-10</subfield>
    <subfield code="y">RN</subfield>
  </datafield>
  <datafield tag="952" ind1=" " ind2=" ">
    <subfield code="0">0</subfield>
    <subfield code="1">0</subfield>
    <subfield code="4">0</subfield>
    <subfield code="7">0</subfield>
    <subfield code="a">BCEJYS</subfield>
    <subfield code="b">BCEJYS</subfield>
    <subfield code="c">17</subfield>
    <subfield code="d">2010-05-01</subfield>
    <subfield code="h">Vol. 78, N&#xBA; 3 - may. 2010</subfield>
    <subfield code="l">0</subfield>
    <subfield code="o">H330.43 JES v78.n3</subfield>
    <subfield code="p">R10043</subfield>
    <subfield code="r">2026-04-10 16:10:20</subfield>
    <subfield code="w">2026-04-10</subfield>
    <subfield code="y">RN</subfield>
  </datafield>
  <datafield tag="952" ind1=" " ind2=" ">
    <subfield code="0">0</subfield>
    <subfield code="1">0</subfield>
    <subfield code="4">0</subfield>
    <subfield code="7">0</subfield>
    <subfield code="a">BCEJYS</subfield>
    <subfield code="b">BCEJYS</subfield>
    <subfield code="c">17</subfield>
    <subfield code="d">2010-03-01</subfield>
    <subfield code="h">Vol. 78, N&#xBA; 2 - mar. 2010</subfield>
    <subfield code="l">0</subfield>
    <subfield code="o">H330.43 JES v78.n2</subfield>
    <subfield code="p">R10037</subfield>
    <subfield code="r">2026-04-10 16:10:20</subfield>
    <subfield code="w">2026-04-10</subfield>
    <subfield code="y">RN</subfield>
  </datafield>
  <datafield tag="952" ind1=" " ind2=" ">
    <subfield code="0">0</subfield>
    <subfield code="1">0</subfield>
    <subfield code="4">0</subfield>
    <subfield code="7">0</subfield>
    <subfield code="a">BCEJYS</subfield>
    <subfield code="b">BCEJYS</subfield>
    <subfield code="c">17</subfield>
    <subfield code="d">2010-01-01</subfield>
    <subfield code="h">Vol. 78, N&#xBA; 1 - ene. 2010</subfield>
    <subfield code="l">0</subfield>
    <subfield code="o">H330.43 JES v78.n1</subfield>
    <subfield code="p">R10036</subfield>
    <subfield code="r">2026-04-10 16:10:20</subfield>
    <subfield code="w">2026-04-10</subfield>
    <subfield code="y">RN</subfield>
  </datafield>
  <datafield tag="952" ind1=" " ind2=" ">
    <subfield code="0">0</subfield>
    <subfield code="1">0</subfield>
    <subfield code="4">0</subfield>
    <subfield code="7">0</subfield>
    <subfield code="a">BCEJYS</subfield>
    <subfield code="b">BCEJYS</subfield>
    <subfield code="c">17</subfield>
    <subfield code="d">2009-11-01</subfield>
    <subfield code="h">Vol. 77, N&#xBA; 6 - nov. 2009</subfield>
    <subfield code="l">0</subfield>
    <subfield code="o">H330.43 JES v77.n6</subfield>
    <subfield code="p">R10035</subfield>
    <subfield code="r">2026-04-10 16:10:20</subfield>
    <subfield code="w">2026-04-10</subfield>
    <subfield code="y">RN</subfield>
  </datafield>
  <datafield tag="952" ind1=" " ind2=" ">
    <subfield code="0">0</subfield>
    <subfield code="1">0</subfield>
    <subfield code="4">0</subfield>
    <subfield code="7">0</subfield>
    <subfield code="a">BCEJYS</subfield>
    <subfield code="b">BCEJYS</subfield>
    <subfield code="c">17</subfield>
    <subfield code="d">2009-09-01</subfield>
    <subfield code="h">Vol. 77, N&#xBA; 5 - sep. 2009</subfield>
    <subfield code="l">0</subfield>
    <subfield code="o">H330.43 JES v77.n5</subfield>
    <subfield code="p">R10034</subfield>
    <subfield code="r">2026-04-10 16:10:20</subfield>
    <subfield code="w">2026-04-10</subfield>
    <subfield code="y">RN</subfield>
  </datafield>
  <datafield tag="952" ind1=" " ind2=" ">
    <subfield code="0">0</subfield>
    <subfield code="1">0</subfield>
    <subfield code="4">0</subfield>
    <subfield code="7">0</subfield>
    <subfield code="a">BCEJYS</subfield>
    <subfield code="b">BCEJYS</subfield>
    <subfield code="c">17</subfield>
    <subfield code="d">2009-07-01</subfield>
    <subfield code="h">Vol. 77, N&#xBA; 4 - jul. 2009</subfield>
    <subfield code="l">0</subfield>
    <subfield code="o">H330.43 JES v77.n4</subfield>
    <subfield code="p">R10033</subfield>
    <subfield code="r">2026-04-10 16:10:20</subfield>
    <subfield code="w">2026-04-10</subfield>
    <subfield code="y">RN</subfield>
  </datafield>
  <datafield tag="952" ind1=" " ind2=" ">
    <subfield code="0">0</subfield>
    <subfield code="1">0</subfield>
    <subfield code="4">0</subfield>
    <subfield code="7">0</subfield>
    <subfield code="a">BCEJYS</subfield>
    <subfield code="b">BCEJYS</subfield>
    <subfield code="c">17</subfield>
    <subfield code="d">2009-05-01</subfield>
    <subfield code="h">Vol. 77, N&#xBA; 3 - may. 2009</subfield>
    <subfield code="l">0</subfield>
    <subfield code="o">H330.43 JES v77.n3</subfield>
    <subfield code="p">R10032</subfield>
    <subfield code="r">2026-04-10 16:10:20</subfield>
    <subfield code="w">2026-04-10</subfield>
    <subfield code="y">RN</subfield>
  </datafield>
  <datafield tag="952" ind1=" " ind2=" ">
    <subfield code="0">0</subfield>
    <subfield code="1">0</subfield>
    <subfield code="4">0</subfield>
    <subfield code="7">0</subfield>
    <subfield code="a">BCEJYS</subfield>
    <subfield code="b">BCEJYS</subfield>
    <subfield code="c">17</subfield>
    <subfield code="d">2009-03-01</subfield>
    <subfield code="h">Vol. 77, N&#xBA; 2 - mar. 2009</subfield>
    <subfield code="l">0</subfield>
    <subfield code="o">H330.43 JES v77.n2</subfield>
    <subfield code="p">R10031</subfield>
    <subfield code="r">2026-04-10 16:10:20</subfield>
    <subfield code="w">2026-04-10</subfield>
    <subfield code="y">RN</subfield>
  </datafield>
  <datafield tag="952" ind1=" " ind2=" ">
    <subfield code="0">0</subfield>
    <subfield code="1">0</subfield>
    <subfield code="4">0</subfield>
    <subfield code="7">0</subfield>
    <subfield code="a">BCEJYS</subfield>
    <subfield code="b">BCEJYS</subfield>
    <subfield code="c">17</subfield>
    <subfield code="d">2009-01-01</subfield>
    <subfield code="h">Vol. 77, N&#xBA; 1 - ene. 2009</subfield>
    <subfield code="l">0</subfield>
    <subfield code="o">H330.43 JES v77.n1</subfield>
    <subfield code="p">R10030</subfield>
    <subfield code="r">2026-04-10 16:10:20</subfield>
    <subfield code="w">2026-04-10</subfield>
    <subfield code="y">RN</subfield>
  </datafield>
  <datafield tag="952" ind1=" " ind2=" ">
    <subfield code="0">0</subfield>
    <subfield code="1">0</subfield>
    <subfield code="4">0</subfield>
    <subfield code="7">0</subfield>
    <subfield code="a">BCEJYS</subfield>
    <subfield code="b">BCEJYS</subfield>
    <subfield code="c">17</subfield>
    <subfield code="d">2008-11-01</subfield>
    <subfield code="h">Vol. 76, N&#xBA; 6 - nov. 2008</subfield>
    <subfield code="l">0</subfield>
    <subfield code="o">H330.43 JES v76.n6</subfield>
    <subfield code="p">R10029</subfield>
    <subfield code="r">2026-04-10 16:10:20</subfield>
    <subfield code="w">2026-04-10</subfield>
    <subfield code="y">RN</subfield>
  </datafield>
  <datafield tag="952" ind1=" " ind2=" ">
    <subfield code="0">0</subfield>
    <subfield code="1">0</subfield>
    <subfield code="4">0</subfield>
    <subfield code="7">0</subfield>
    <subfield code="a">BCEJYS</subfield>
    <subfield code="b">BCEJYS</subfield>
    <subfield code="c">17</subfield>
    <subfield code="d">2008-07-01</subfield>
    <subfield code="h">Vol. 76, N&#xBA; 4 - mar. 2008</subfield>
    <subfield code="l">0</subfield>
    <subfield code="o">H330.43 JES v76.n4</subfield>
    <subfield code="p">R10090</subfield>
    <subfield code="r">2026-04-10 16:10:20</subfield>
    <subfield code="w">2026-04-10</subfield>
    <subfield code="y">RN</subfield>
  </datafield>
  <datafield tag="952" ind1=" " ind2=" ">
    <subfield code="0">0</subfield>
    <subfield code="1">0</subfield>
    <subfield code="4">0</subfield>
    <subfield code="7">0</subfield>
    <subfield code="a">BCEJYS</subfield>
    <subfield code="b">BCEJYS</subfield>
    <subfield code="c">17</subfield>
    <subfield code="d">2008-03-01</subfield>
    <subfield code="h">Vol. 76, N&#xBA; 2 - mar. 2008</subfield>
    <subfield code="l">0</subfield>
    <subfield code="o">H330.43 JES v76.n2</subfield>
    <subfield code="p">R10088</subfield>
    <subfield code="r">2026-04-10 16:10:20</subfield>
    <subfield code="w">2026-04-10</subfield>
    <subfield code="y">RN</subfield>
  </datafield>
  <datafield tag="952" ind1=" " ind2=" ">
    <subfield code="0">0</subfield>
    <subfield code="1">0</subfield>
    <subfield code="4">0</subfield>
    <subfield code="7">0</subfield>
    <subfield code="a">BCEJYS</subfield>
    <subfield code="b">BCEJYS</subfield>
    <subfield code="c">17</subfield>
    <subfield code="d">2007-09-01</subfield>
    <subfield code="h">Vol. 75, N&#xBA; 5 - sep. 2007</subfield>
    <subfield code="l">0</subfield>
    <subfield code="o">H330.43 JES v75.n5</subfield>
    <subfield code="p">R10089</subfield>
    <subfield code="r">2026-04-10 16:10:20</subfield>
    <subfield code="w">2026-04-10</subfield>
    <subfield code="y">RN</subfield>
  </datafield>
  <datafield tag="952" ind1=" " ind2=" ">
    <subfield code="0">0</subfield>
    <subfield code="1">0</subfield>
    <subfield code="4">0</subfield>
    <subfield code="7">0</subfield>
    <subfield code="a">BCEJYS</subfield>
    <subfield code="b">BCEJYS</subfield>
    <subfield code="c">17</subfield>
    <subfield code="d">2007-07-01</subfield>
    <subfield code="h">Vol. 75, N&#xBA; 4 - jul. 2007</subfield>
    <subfield code="l">0</subfield>
    <subfield code="o">H330.43 JES v75.n4</subfield>
    <subfield code="p">R10091</subfield>
    <subfield code="r">2026-04-10 16:10:20</subfield>
    <subfield code="w">2026-04-10</subfield>
    <subfield code="y">RN</subfield>
  </datafield>
  <datafield tag="952" ind1=" " ind2=" ">
    <subfield code="0">0</subfield>
    <subfield code="1">0</subfield>
    <subfield code="4">0</subfield>
    <subfield code="7">0</subfield>
    <subfield code="a">BCEJYS</subfield>
    <subfield code="b">BCEJYS</subfield>
    <subfield code="c">17</subfield>
    <subfield code="d">2006-09-01</subfield>
    <subfield code="h">Vol. 74, N&#xBA; 5 - sep. 2006</subfield>
    <subfield code="l">0</subfield>
    <subfield code="o">H330.43 JES v74.n5</subfield>
    <subfield code="p">R10092</subfield>
    <subfield code="r">2026-04-10 16:10:20</subfield>
    <subfield code="w">2026-04-10</subfield>
    <subfield code="y">RN</subfield>
  </datafield>
  <datafield tag="952" ind1=" " ind2=" ">
    <subfield code="0">0</subfield>
    <subfield code="1">0</subfield>
    <subfield code="4">0</subfield>
    <subfield code="7">0</subfield>
    <subfield code="a">BCEJYS</subfield>
    <subfield code="b">BCEJYS</subfield>
    <subfield code="c">17</subfield>
    <subfield code="d">2006-07-01</subfield>
    <subfield code="h">Vol. 74, N&#xBA; 4 - jul. 2006</subfield>
    <subfield code="l">0</subfield>
    <subfield code="o">H330.43 JES v74.n4</subfield>
    <subfield code="p">R10093</subfield>
    <subfield code="r">2026-04-10 16:10:20</subfield>
    <subfield code="w">2026-04-10</subfield>
    <subfield code="y">RN</subfield>
  </datafield>
  <datafield tag="952" ind1=" " ind2=" ">
    <subfield code="0">0</subfield>
    <subfield code="1">0</subfield>
    <subfield code="4">0</subfield>
    <subfield code="7">0</subfield>
    <subfield code="a">BCEJYS</subfield>
    <subfield code="b">BCEJYS</subfield>
    <subfield code="c">17</subfield>
    <subfield code="d">2006-05-01</subfield>
    <subfield code="h">Vol. 74, N&#xBA; 3 - may. 2006</subfield>
    <subfield code="l">0</subfield>
    <subfield code="o">H330.43 JES v74.n3</subfield>
    <subfield code="p">R10094</subfield>
    <subfield code="r">2026-04-10 16:10:20</subfield>
    <subfield code="w">2026-04-10</subfield>
    <subfield code="y">RN</subfield>
  </datafield>
  <datafield tag="952" ind1=" " ind2=" ">
    <subfield code="0">0</subfield>
    <subfield code="1">0</subfield>
    <subfield code="4">0</subfield>
    <subfield code="7">0</subfield>
    <subfield code="a">BCEJYS</subfield>
    <subfield code="b">BCEJYS</subfield>
    <subfield code="c">17</subfield>
    <subfield code="d">2006-03-01</subfield>
    <subfield code="h">Vol. 74, N&#xBA; 2 - mar. 2006</subfield>
    <subfield code="l">0</subfield>
    <subfield code="o">H330.43 JES v74.n2</subfield>
    <subfield code="p">R10095</subfield>
    <subfield code="r">2026-04-10 16:10:20</subfield>
    <subfield code="w">2026-04-10</subfield>
    <subfield code="y">RN</subfield>
  </datafield>
  <datafield tag="952" ind1=" " ind2=" ">
    <subfield code="0">0</subfield>
    <subfield code="1">0</subfield>
    <subfield code="4">0</subfield>
    <subfield code="7">0</subfield>
    <subfield code="a">BCEJYS</subfield>
    <subfield code="b">BCEJYS</subfield>
    <subfield code="c">17</subfield>
    <subfield code="d">2006-01-01</subfield>
    <subfield code="h">Vol. 74, N&#xBA; 1 - ene. 2006</subfield>
    <subfield code="l">0</subfield>
    <subfield code="o">H330.43 JES v74.n1</subfield>
    <subfield code="p">R10096</subfield>
    <subfield code="r">2026-04-10 16:10:20</subfield>
    <subfield code="w">2026-04-10</subfield>
    <subfield code="y">RN</subfield>
  </datafield>
  <datafield tag="952" ind1=" " ind2=" ">
    <subfield code="0">0</subfield>
    <subfield code="1">0</subfield>
    <subfield code="4">0</subfield>
    <subfield code="7">0</subfield>
    <subfield code="a">BCEJYS</subfield>
    <subfield code="b">BCEJYS</subfield>
    <subfield code="c">17</subfield>
    <subfield code="d">2005-11-01</subfield>
    <subfield code="h">Vol. 73, N&#xBA; 6 - nov. 2005</subfield>
    <subfield code="l">0</subfield>
    <subfield code="o">H330.43 JES v73.n6</subfield>
    <subfield code="p">R10097</subfield>
    <subfield code="r">2026-04-10 16:10:20</subfield>
    <subfield code="w">2026-04-10</subfield>
    <subfield code="y">RN</subfield>
  </datafield>
  <datafield tag="952" ind1=" " ind2=" ">
    <subfield code="0">0</subfield>
    <subfield code="1">0</subfield>
    <subfield code="4">0</subfield>
    <subfield code="7">0</subfield>
    <subfield code="a">BCEJYS</subfield>
    <subfield code="b">BCEJYS</subfield>
    <subfield code="c">17</subfield>
    <subfield code="d">2005-07-01</subfield>
    <subfield code="h">Vol. 73, N&#xBA; 4 - jul. 2005</subfield>
    <subfield code="l">0</subfield>
    <subfield code="o">H330.43 JES v73.n4</subfield>
    <subfield code="p">R10098</subfield>
    <subfield code="r">2026-04-10 16:10:20</subfield>
    <subfield code="w">2026-04-10</subfield>
    <subfield code="y">RN</subfield>
  </datafield>
  <datafield tag="952" ind1=" " ind2=" ">
    <subfield code="0">0</subfield>
    <subfield code="1">0</subfield>
    <subfield code="4">0</subfield>
    <subfield code="7">0</subfield>
    <subfield code="a">BCEJYS</subfield>
    <subfield code="b">BCEJYS</subfield>
    <subfield code="c">17</subfield>
    <subfield code="d">2005-05-01</subfield>
    <subfield code="h">Vol. 73, N&#xBA; 3 - may. 2005</subfield>
    <subfield code="l">0</subfield>
    <subfield code="o">H330.43 JES v73.n3</subfield>
    <subfield code="p">R10099</subfield>
    <subfield code="r">2026-04-10 16:10:20</subfield>
    <subfield code="w">2026-04-10</subfield>
    <subfield code="y">RN</subfield>
  </datafield>
  <datafield tag="952" ind1=" " ind2=" ">
    <subfield code="0">0</subfield>
    <subfield code="1">0</subfield>
    <subfield code="4">0</subfield>
    <subfield code="7">0</subfield>
    <subfield code="a">BCEJYS</subfield>
    <subfield code="b">BCEJYS</subfield>
    <subfield code="c">17</subfield>
    <subfield code="d">2005-03-01</subfield>
    <subfield code="h">Vol. 73, N&#xBA; 2 - mar. 2005</subfield>
    <subfield code="l">0</subfield>
    <subfield code="o">H330.43 JES v73.n2</subfield>
    <subfield code="p">R10100</subfield>
    <subfield code="r">2026-04-10 16:10:20</subfield>
    <subfield code="w">2026-04-10</subfield>
    <subfield code="y">RN</subfield>
  </datafield>
  <datafield tag="952" ind1=" " ind2=" ">
    <subfield code="0">0</subfield>
    <subfield code="1">0</subfield>
    <subfield code="4">0</subfield>
    <subfield code="7">0</subfield>
    <subfield code="a">BCEJYS</subfield>
    <subfield code="b">BCEJYS</subfield>
    <subfield code="c">17</subfield>
    <subfield code="d">2005-01-01</subfield>
    <subfield code="h">Vol. 73, N&#xBA; 1 - ene. 2005</subfield>
    <subfield code="l">0</subfield>
    <subfield code="o">H330.43 JES v73.n1</subfield>
    <subfield code="p">R10101</subfield>
    <subfield code="r">2026-04-10 16:10:20</subfield>
    <subfield code="w">2026-04-10</subfield>
    <subfield code="y">RN</subfield>
  </datafield>
  <datafield tag="952" ind1=" " ind2=" ">
    <subfield code="0">0</subfield>
    <subfield code="1">0</subfield>
    <subfield code="4">0</subfield>
    <subfield code="7">0</subfield>
    <subfield code="a">BCEJYS</subfield>
    <subfield code="b">BCEJYS</subfield>
    <subfield code="c">17</subfield>
    <subfield code="d">2004-11-01</subfield>
    <subfield code="h">Vol. 72, N&#xBA; 6 - nov. 2004</subfield>
    <subfield code="l">0</subfield>
    <subfield code="o">H330.43 JES v72.n6</subfield>
    <subfield code="p">R10048</subfield>
    <subfield code="r">2026-04-10 16:10:20</subfield>
    <subfield code="w">2026-04-10</subfield>
    <subfield code="y">RN</subfield>
  </datafield>
  <datafield tag="952" ind1=" " ind2=" ">
    <subfield code="0">0</subfield>
    <subfield code="1">0</subfield>
    <subfield code="4">0</subfield>
    <subfield code="7">0</subfield>
    <subfield code="a">BCEJYS</subfield>
    <subfield code="b">BCEJYS</subfield>
    <subfield code="c">17</subfield>
    <subfield code="d">2004-09-01</subfield>
    <subfield code="h">Vol. 72, N&#xBA; 5 - sep. 2004</subfield>
    <subfield code="l">0</subfield>
    <subfield code="o">H330.43 JES v72.n5</subfield>
    <subfield code="p">R10102</subfield>
    <subfield code="r">2026-04-10 16:10:20</subfield>
    <subfield code="w">2026-04-10</subfield>
    <subfield code="y">RN</subfield>
  </datafield>
  <datafield tag="952" ind1=" " ind2=" ">
    <subfield code="0">0</subfield>
    <subfield code="1">0</subfield>
    <subfield code="4">0</subfield>
    <subfield code="7">0</subfield>
    <subfield code="a">BCEJYS</subfield>
    <subfield code="b">BCEJYS</subfield>
    <subfield code="c">17</subfield>
    <subfield code="d">2004-07-01</subfield>
    <subfield code="h">Vol. 72, N&#xBA; 4 - jul. 2004</subfield>
    <subfield code="l">0</subfield>
    <subfield code="o">H330.43 JES v72.n4</subfield>
    <subfield code="p">R10083</subfield>
    <subfield code="r">2026-04-10 16:10:20</subfield>
    <subfield code="w">2026-04-10</subfield>
    <subfield code="y">RN</subfield>
  </datafield>
  <datafield tag="952" ind1=" " ind2=" ">
    <subfield code="0">0</subfield>
    <subfield code="1">0</subfield>
    <subfield code="4">0</subfield>
    <subfield code="7">0</subfield>
    <subfield code="a">BCEJYS</subfield>
    <subfield code="b">BCEJYS</subfield>
    <subfield code="c">17</subfield>
    <subfield code="d">2004-05-01</subfield>
    <subfield code="h">Vol. 72, N&#xBA; 3 - may. 2004</subfield>
    <subfield code="l">0</subfield>
    <subfield code="o">H330.43 JES v72.n3</subfield>
    <subfield code="p">R10084</subfield>
    <subfield code="r">2026-04-10 16:10:20</subfield>
    <subfield code="w">2026-04-10</subfield>
    <subfield code="y">RN</subfield>
  </datafield>
  <datafield tag="952" ind1=" " ind2=" ">
    <subfield code="0">0</subfield>
    <subfield code="1">0</subfield>
    <subfield code="4">0</subfield>
    <subfield code="7">0</subfield>
    <subfield code="a">BCEJYS</subfield>
    <subfield code="b">BCEJYS</subfield>
    <subfield code="c">17</subfield>
    <subfield code="d">2004-03-01</subfield>
    <subfield code="h">Vol. 72, N&#xBA; 2 - mar. 2004</subfield>
    <subfield code="l">0</subfield>
    <subfield code="o">H330.43 JES v72.n2</subfield>
    <subfield code="p">R14137</subfield>
    <subfield code="r">2026-04-10 16:10:20</subfield>
    <subfield code="w">2026-04-10</subfield>
    <subfield code="y">RN</subfield>
  </datafield>
  <datafield tag="952" ind1=" " ind2=" ">
    <subfield code="0">0</subfield>
    <subfield code="1">0</subfield>
    <subfield code="4">0</subfield>
    <subfield code="7">0</subfield>
    <subfield code="a">BCEJYS</subfield>
    <subfield code="b">BCEJYS</subfield>
    <subfield code="c">17</subfield>
    <subfield code="d">2004-01-01</subfield>
    <subfield code="h">Vol. 72, N&#xBA; 1 - ene. 2004</subfield>
    <subfield code="l">0</subfield>
    <subfield code="o">H330.43 JES v72.n1</subfield>
    <subfield code="p">R10085</subfield>
    <subfield code="r">2026-04-10 16:10:20</subfield>
    <subfield code="w">2026-04-10</subfield>
    <subfield code="y">RN</subfield>
  </datafield>
  <datafield tag="952" ind1=" " ind2=" ">
    <subfield code="0">0</subfield>
    <subfield code="1">0</subfield>
    <subfield code="4">0</subfield>
    <subfield code="7">0</subfield>
    <subfield code="a">BCEJYS</subfield>
    <subfield code="b">BCEJYS</subfield>
    <subfield code="c">17</subfield>
    <subfield code="d">2003-11-01</subfield>
    <subfield code="h">Vol. 71, N&#xBA; 6 - nov. 2003</subfield>
    <subfield code="l">0</subfield>
    <subfield code="o">H330.43 JES v71.n6</subfield>
    <subfield code="p">R10086</subfield>
    <subfield code="r">2026-04-10 16:10:20</subfield>
    <subfield code="w">2026-04-10</subfield>
    <subfield code="y">RN</subfield>
  </datafield>
  <datafield tag="952" ind1=" " ind2=" ">
    <subfield code="0">0</subfield>
    <subfield code="1">0</subfield>
    <subfield code="4">0</subfield>
    <subfield code="7">0</subfield>
    <subfield code="a">BCEJYS</subfield>
    <subfield code="b">BCEJYS</subfield>
    <subfield code="c">17</subfield>
    <subfield code="d">2003-09-01</subfield>
    <subfield code="h">Vol. 71, N&#xBA; 5 - sep. 2003</subfield>
    <subfield code="l">0</subfield>
    <subfield code="o">H330.43 JES v71.n5</subfield>
    <subfield code="p">R10087</subfield>
    <subfield code="r">2026-04-10 16:10:20</subfield>
    <subfield code="w">2026-04-10</subfield>
    <subfield code="y">RN</subfield>
  </datafield>
  <datafield tag="952" ind1=" " ind2=" ">
    <subfield code="0">0</subfield>
    <subfield code="1">0</subfield>
    <subfield code="4">0</subfield>
    <subfield code="7">0</subfield>
    <subfield code="a">BCEJYS</subfield>
    <subfield code="b">BCEJYS</subfield>
    <subfield code="c">17</subfield>
    <subfield code="d">2003-07-01</subfield>
    <subfield code="h">Vol. 71, N&#xBA; 4 - jul. 2003</subfield>
    <subfield code="l">0</subfield>
    <subfield code="o">H330.43 JES v71.n4</subfield>
    <subfield code="p">R10081</subfield>
    <subfield code="r">2026-04-10 16:10:20</subfield>
    <subfield code="w">2026-04-10</subfield>
    <subfield code="y">RN</subfield>
  </datafield>
  <datafield tag="952" ind1=" " ind2=" ">
    <subfield code="0">0</subfield>
    <subfield code="1">0</subfield>
    <subfield code="4">0</subfield>
    <subfield code="7">0</subfield>
    <subfield code="a">BCEJYS</subfield>
    <subfield code="b">BCEJYS</subfield>
    <subfield code="c">17</subfield>
    <subfield code="d">2003-05-01</subfield>
    <subfield code="h">Vol. 71, N&#xBA; 3 - may. 2003</subfield>
    <subfield code="l">0</subfield>
    <subfield code="o">H330.43 JES v71.n3</subfield>
    <subfield code="p">R10073</subfield>
    <subfield code="r">2026-04-10 16:10:20</subfield>
    <subfield code="w">2026-04-10</subfield>
    <subfield code="y">RN</subfield>
  </datafield>
  <datafield tag="952" ind1=" " ind2=" ">
    <subfield code="0">0</subfield>
    <subfield code="1">0</subfield>
    <subfield code="4">0</subfield>
    <subfield code="7">0</subfield>
    <subfield code="a">BCEJYS</subfield>
    <subfield code="b">BCEJYS</subfield>
    <subfield code="c">17</subfield>
    <subfield code="d">2003-03-01</subfield>
    <subfield code="h">Vol. 71, N&#xBA; 2 - mar. 2003</subfield>
    <subfield code="l">0</subfield>
    <subfield code="o">H330.43 JES v71.n2</subfield>
    <subfield code="p">R10074</subfield>
    <subfield code="r">2026-04-10 16:10:20</subfield>
    <subfield code="w">2026-04-10</subfield>
    <subfield code="y">RN</subfield>
  </datafield>
  <datafield tag="952" ind1=" " ind2=" ">
    <subfield code="0">0</subfield>
    <subfield code="1">0</subfield>
    <subfield code="4">0</subfield>
    <subfield code="7">0</subfield>
    <subfield code="a">BCEJYS</subfield>
    <subfield code="b">BCEJYS</subfield>
    <subfield code="c">17</subfield>
    <subfield code="d">2003-01-01</subfield>
    <subfield code="h">Vol. 71, N&#xBA; 1 - ene. 2003</subfield>
    <subfield code="l">0</subfield>
    <subfield code="o">H330.43 JES v71.n1</subfield>
    <subfield code="p">R10075</subfield>
    <subfield code="r">2026-04-10 16:10:20</subfield>
    <subfield code="w">2026-04-10</subfield>
    <subfield code="y">RN</subfield>
  </datafield>
  <datafield tag="952" ind1=" " ind2=" ">
    <subfield code="0">0</subfield>
    <subfield code="1">0</subfield>
    <subfield code="4">0</subfield>
    <subfield code="7">0</subfield>
    <subfield code="a">BCEJYS</subfield>
    <subfield code="b">BCEJYS</subfield>
    <subfield code="c">17</subfield>
    <subfield code="d">2002-11-01</subfield>
    <subfield code="h">Vol. 70, N&#xBA; 6 - nov. 2002</subfield>
    <subfield code="l">0</subfield>
    <subfield code="o">H330.43 JES v70.n6</subfield>
    <subfield code="p">R10076</subfield>
    <subfield code="r">2026-04-10 16:10:20</subfield>
    <subfield code="w">2026-04-10</subfield>
    <subfield code="y">RN</subfield>
  </datafield>
  <datafield tag="952" ind1=" " ind2=" ">
    <subfield code="0">0</subfield>
    <subfield code="1">0</subfield>
    <subfield code="4">0</subfield>
    <subfield code="7">0</subfield>
    <subfield code="a">BCEJYS</subfield>
    <subfield code="b">BCEJYS</subfield>
    <subfield code="c">17</subfield>
    <subfield code="d">2002-09-01</subfield>
    <subfield code="h">Vol. 70, N&#xBA; 5 - sep. 2002</subfield>
    <subfield code="l">0</subfield>
    <subfield code="o">H330.43 JES v70.n5</subfield>
    <subfield code="p">R10077</subfield>
    <subfield code="r">2026-04-10 16:10:20</subfield>
    <subfield code="w">2026-04-10</subfield>
    <subfield code="y">RN</subfield>
  </datafield>
  <datafield tag="952" ind1=" " ind2=" ">
    <subfield code="0">0</subfield>
    <subfield code="1">0</subfield>
    <subfield code="4">0</subfield>
    <subfield code="7">0</subfield>
    <subfield code="a">BCEJYS</subfield>
    <subfield code="b">BCEJYS</subfield>
    <subfield code="c">17</subfield>
    <subfield code="d">2002-07-01</subfield>
    <subfield code="h">Vol. 70, N&#xBA; 4 - jul. 2002</subfield>
    <subfield code="l">0</subfield>
    <subfield code="o">H330.43 JES v70.n4</subfield>
    <subfield code="p">R10078</subfield>
    <subfield code="r">2026-04-10 16:10:21</subfield>
    <subfield code="w">2026-04-10</subfield>
    <subfield code="y">RN</subfield>
  </datafield>
  <datafield tag="952" ind1=" " ind2=" ">
    <subfield code="0">0</subfield>
    <subfield code="1">0</subfield>
    <subfield code="4">0</subfield>
    <subfield code="7">0</subfield>
    <subfield code="a">BCEJYS</subfield>
    <subfield code="b">BCEJYS</subfield>
    <subfield code="c">17</subfield>
    <subfield code="d">2002-05-01</subfield>
    <subfield code="h">Vol. 70, N&#xBA; 3 - may. 2002</subfield>
    <subfield code="l">0</subfield>
    <subfield code="o">H330.43 JES v70.n3</subfield>
    <subfield code="p">R10079</subfield>
    <subfield code="r">2026-04-10 16:10:21</subfield>
    <subfield code="w">2026-04-10</subfield>
    <subfield code="y">RN</subfield>
  </datafield>
  <datafield tag="952" ind1=" " ind2=" ">
    <subfield code="0">0</subfield>
    <subfield code="1">0</subfield>
    <subfield code="4">0</subfield>
    <subfield code="7">0</subfield>
    <subfield code="a">BCEJYS</subfield>
    <subfield code="b">BCEJYS</subfield>
    <subfield code="c">17</subfield>
    <subfield code="d">2002-03-01</subfield>
    <subfield code="h">Vol. 70, N&#xBA; 2 - mar. 2002</subfield>
    <subfield code="l">0</subfield>
    <subfield code="o">H330.43 JES v70.n2</subfield>
    <subfield code="p">R10080</subfield>
    <subfield code="r">2026-04-10 16:10:21</subfield>
    <subfield code="w">2026-04-10</subfield>
    <subfield code="y">RN</subfield>
  </datafield>
  <datafield tag="952" ind1=" " ind2=" ">
    <subfield code="0">0</subfield>
    <subfield code="1">0</subfield>
    <subfield code="4">0</subfield>
    <subfield code="7">0</subfield>
    <subfield code="a">BCEJYS</subfield>
    <subfield code="b">BCEJYS</subfield>
    <subfield code="c">17</subfield>
    <subfield code="d">2002-01-01</subfield>
    <subfield code="h">Vol. 70, N&#xBA; 1 - ene. 2002</subfield>
    <subfield code="l">0</subfield>
    <subfield code="o">H330.43 JES v70.n1</subfield>
    <subfield code="p">R10082</subfield>
    <subfield code="r">2026-04-10 16:10:21</subfield>
    <subfield code="w">2026-04-10</subfield>
    <subfield code="y">RN</subfield>
  </datafield>
  <datafield tag="952" ind1=" " ind2=" ">
    <subfield code="0">0</subfield>
    <subfield code="1">0</subfield>
    <subfield code="4">0</subfield>
    <subfield code="7">0</subfield>
    <subfield code="a">BCEJYS</subfield>
    <subfield code="b">BCEJYS</subfield>
    <subfield code="c">17</subfield>
    <subfield code="d">2001-11-01</subfield>
    <subfield code="h">Vol. 69, N&#xBA; 6 - nov. 2001</subfield>
    <subfield code="l">0</subfield>
    <subfield code="o">H330.43 JES v69.n6</subfield>
    <subfield code="p">R10064</subfield>
    <subfield code="r">2026-04-10 16:10:21</subfield>
    <subfield code="w">2026-04-10</subfield>
    <subfield code="y">RN</subfield>
  </datafield>
  <datafield tag="952" ind1=" " ind2=" ">
    <subfield code="0">0</subfield>
    <subfield code="1">0</subfield>
    <subfield code="4">0</subfield>
    <subfield code="7">0</subfield>
    <subfield code="a">BCEJYS</subfield>
    <subfield code="b">BCEJYS</subfield>
    <subfield code="c">17</subfield>
    <subfield code="d">2001-09-01</subfield>
    <subfield code="h">Vol. 69, N&#xBA; 5 - sep. 2001</subfield>
    <subfield code="l">0</subfield>
    <subfield code="o">H330.43 JES v69.n5</subfield>
    <subfield code="p">R10065</subfield>
    <subfield code="r">2026-04-10 16:10:21</subfield>
    <subfield code="w">2026-04-10</subfield>
    <subfield code="y">RN</subfield>
  </datafield>
  <datafield tag="952" ind1=" " ind2=" ">
    <subfield code="0">0</subfield>
    <subfield code="1">0</subfield>
    <subfield code="4">0</subfield>
    <subfield code="7">0</subfield>
    <subfield code="a">BCEJYS</subfield>
    <subfield code="b">BCEJYS</subfield>
    <subfield code="c">17</subfield>
    <subfield code="d">2001-07-01</subfield>
    <subfield code="h">Vol. 69, N&#xBA; 4 - jul. 2001</subfield>
    <subfield code="l">0</subfield>
    <subfield code="o">H330.43 JES v69.n4</subfield>
    <subfield code="p">R10066</subfield>
    <subfield code="r">2026-04-10 16:10:21</subfield>
    <subfield code="w">2026-04-10</subfield>
    <subfield code="y">RN</subfield>
  </datafield>
  <datafield tag="952" ind1=" " ind2=" ">
    <subfield code="0">0</subfield>
    <subfield code="1">0</subfield>
    <subfield code="4">0</subfield>
    <subfield code="7">0</subfield>
    <subfield code="a">BCEJYS</subfield>
    <subfield code="b">BCEJYS</subfield>
    <subfield code="c">17</subfield>
    <subfield code="d">2001-06-01</subfield>
    <subfield code="h">Vol. 69, N&#xBA; 3 - may.2001</subfield>
    <subfield code="l">0</subfield>
    <subfield code="o">H330.43 JES v69.n3</subfield>
    <subfield code="p">R09996</subfield>
    <subfield code="r">2026-04-10 16:10:21</subfield>
    <subfield code="w">2026-04-10</subfield>
    <subfield code="y">RN</subfield>
  </datafield>
  <datafield tag="952" ind1=" " ind2=" ">
    <subfield code="0">0</subfield>
    <subfield code="1">0</subfield>
    <subfield code="4">0</subfield>
    <subfield code="7">0</subfield>
    <subfield code="a">BCEJYS</subfield>
    <subfield code="b">BCEJYS</subfield>
    <subfield code="c">17</subfield>
    <subfield code="d">2000-11-01</subfield>
    <subfield code="h">Vol. 68, N&#xBA; 6 - nov.2000</subfield>
    <subfield code="l">0</subfield>
    <subfield code="o">H330.43 JES v68.n6</subfield>
    <subfield code="p">R09997</subfield>
    <subfield code="r">2026-04-10 16:10:21</subfield>
    <subfield code="w">2026-04-10</subfield>
    <subfield code="y">RN</subfield>
  </datafield>
  <datafield tag="952" ind1=" " ind2=" ">
    <subfield code="0">0</subfield>
    <subfield code="1">0</subfield>
    <subfield code="4">0</subfield>
    <subfield code="7">0</subfield>
    <subfield code="a">BCEJYS</subfield>
    <subfield code="b">BCEJYS</subfield>
    <subfield code="c">17</subfield>
    <subfield code="d">2000-09-01</subfield>
    <subfield code="h">Vol. 68, N&#xBA; 5 - sep. 2000</subfield>
    <subfield code="l">0</subfield>
    <subfield code="o">H330.43 JES v68.n5</subfield>
    <subfield code="p">R09998</subfield>
    <subfield code="r">2026-04-10 16:10:21</subfield>
    <subfield code="w">2026-04-10</subfield>
    <subfield code="y">RN</subfield>
  </datafield>
  <datafield tag="952" ind1=" " ind2=" ">
    <subfield code="0">0</subfield>
    <subfield code="1">0</subfield>
    <subfield code="4">0</subfield>
    <subfield code="7">0</subfield>
    <subfield code="a">BCEJYS</subfield>
    <subfield code="b">BCEJYS</subfield>
    <subfield code="c">17</subfield>
    <subfield code="d">2000-07-01</subfield>
    <subfield code="h">Vol. 68, N&#xBA; 4 - jul. 2000</subfield>
    <subfield code="l">0</subfield>
    <subfield code="o">H330.43 JES v68.n4</subfield>
    <subfield code="p">R10015</subfield>
    <subfield code="r">2026-04-10 16:10:21</subfield>
    <subfield code="w">2026-04-10</subfield>
    <subfield code="y">RN</subfield>
  </datafield>
  <datafield tag="952" ind1=" " ind2=" ">
    <subfield code="0">0</subfield>
    <subfield code="1">0</subfield>
    <subfield code="4">0</subfield>
    <subfield code="7">0</subfield>
    <subfield code="a">BCEJYS</subfield>
    <subfield code="b">BCEJYS</subfield>
    <subfield code="c">17</subfield>
    <subfield code="d">2000-05-01</subfield>
    <subfield code="h">Vol. 68, N&#xBA; 3 - may. 2000</subfield>
    <subfield code="l">0</subfield>
    <subfield code="o">H330.43 JES v68.n3</subfield>
    <subfield code="p">R10014</subfield>
    <subfield code="r">2026-04-10 16:10:21</subfield>
    <subfield code="w">2026-04-10</subfield>
    <subfield code="y">RN</subfield>
  </datafield>
  <datafield tag="952" ind1=" " ind2=" ">
    <subfield code="0">0</subfield>
    <subfield code="1">0</subfield>
    <subfield code="4">0</subfield>
    <subfield code="7">0</subfield>
    <subfield code="a">BCEJYS</subfield>
    <subfield code="b">BCEJYS</subfield>
    <subfield code="c">17</subfield>
    <subfield code="d">2000-03-01</subfield>
    <subfield code="h">Vol. 68, N&#xBA; 2 - mar. 2000</subfield>
    <subfield code="l">0</subfield>
    <subfield code="o">H330.43 JES v68.n2</subfield>
    <subfield code="p">R14000</subfield>
    <subfield code="r">2026-04-10 16:10:21</subfield>
    <subfield code="w">2026-04-10</subfield>
    <subfield code="y">RN</subfield>
  </datafield>
  <datafield tag="952" ind1=" " ind2=" ">
    <subfield code="0">0</subfield>
    <subfield code="1">0</subfield>
    <subfield code="4">0</subfield>
    <subfield code="7">0</subfield>
    <subfield code="a">BCEJYS</subfield>
    <subfield code="b">BCEJYS</subfield>
    <subfield code="c">17</subfield>
    <subfield code="d">2000-01-01</subfield>
    <subfield code="h">Vol. 68, N&#xBA; 1 - ene. 2000</subfield>
    <subfield code="l">0</subfield>
    <subfield code="o">H330.43 JES v68.n1</subfield>
    <subfield code="p">R10013</subfield>
    <subfield code="r">2026-04-10 16:10:21</subfield>
    <subfield code="w">2026-04-10</subfield>
    <subfield code="y">RN</subfield>
  </datafield>
  <datafield tag="952" ind1=" " ind2=" ">
    <subfield code="0">0</subfield>
    <subfield code="1">0</subfield>
    <subfield code="4">0</subfield>
    <subfield code="7">0</subfield>
    <subfield code="a">BCEJYS</subfield>
    <subfield code="b">BCEJYS</subfield>
    <subfield code="c">17</subfield>
    <subfield code="d">1999-11-01</subfield>
    <subfield code="h">Vol. 67, N&#xBA; 6 - nov. 1999</subfield>
    <subfield code="l">0</subfield>
    <subfield code="o">H330.43 JES v67.n6</subfield>
    <subfield code="p">R10011</subfield>
    <subfield code="r">2026-04-10 16:10:21</subfield>
    <subfield code="w">2026-04-10</subfield>
    <subfield code="y">RN</subfield>
  </datafield>
  <datafield tag="952" ind1=" " ind2=" ">
    <subfield code="0">0</subfield>
    <subfield code="1">0</subfield>
    <subfield code="4">0</subfield>
    <subfield code="7">0</subfield>
    <subfield code="a">BCEJYS</subfield>
    <subfield code="b">BCEJYS</subfield>
    <subfield code="c">17</subfield>
    <subfield code="d">1999-09-01</subfield>
    <subfield code="h">Vol. 67, N&#xBA; 5 - sep. 1999</subfield>
    <subfield code="l">0</subfield>
    <subfield code="o">H330.43 JES v67.n5</subfield>
    <subfield code="p">R10012</subfield>
    <subfield code="r">2026-04-10 16:10:21</subfield>
    <subfield code="w">2026-04-10</subfield>
    <subfield code="y">RN</subfield>
  </datafield>
  <datafield tag="952" ind1=" " ind2=" ">
    <subfield code="0">0</subfield>
    <subfield code="1">0</subfield>
    <subfield code="4">0</subfield>
    <subfield code="7">0</subfield>
    <subfield code="a">BCEJYS</subfield>
    <subfield code="b">BCEJYS</subfield>
    <subfield code="c">17</subfield>
    <subfield code="d">1999-05-01</subfield>
    <subfield code="h">Vol. 67, N&#xBA; 3 - may. 1999</subfield>
    <subfield code="l">0</subfield>
    <subfield code="o">H330.43 JES v67.n3</subfield>
    <subfield code="p">R10010</subfield>
    <subfield code="r">2026-04-10 16:10:21</subfield>
    <subfield code="w">2026-04-10</subfield>
    <subfield code="y">RN</subfield>
  </datafield>
  <datafield tag="952" ind1=" " ind2=" ">
    <subfield code="0">0</subfield>
    <subfield code="1">0</subfield>
    <subfield code="4">0</subfield>
    <subfield code="7">0</subfield>
    <subfield code="a">BCEJYS</subfield>
    <subfield code="b">BCEJYS</subfield>
    <subfield code="c">17</subfield>
    <subfield code="d">1999-03-01</subfield>
    <subfield code="h">Vol. 67, N&#xBA; 2 - mar. 1997</subfield>
    <subfield code="l">0</subfield>
    <subfield code="o">H330.43 JES v67.n2</subfield>
    <subfield code="p">R09999</subfield>
    <subfield code="r">2026-04-10 16:10:21</subfield>
    <subfield code="w">2026-04-10</subfield>
    <subfield code="y">RN</subfield>
  </datafield>
  <datafield tag="952" ind1=" " ind2=" ">
    <subfield code="0">0</subfield>
    <subfield code="1">0</subfield>
    <subfield code="4">0</subfield>
    <subfield code="7">0</subfield>
    <subfield code="a">BCEJYS</subfield>
    <subfield code="b">BCEJYS</subfield>
    <subfield code="c">17</subfield>
    <subfield code="d">1999-01-01</subfield>
    <subfield code="h">Vol. 67, N&#xBA; 1 - ene. 1999</subfield>
    <subfield code="l">0</subfield>
    <subfield code="o">H330.43 JES v67.n1</subfield>
    <subfield code="p">R13998</subfield>
    <subfield code="r">2026-04-10 16:10:21</subfield>
    <subfield code="w">2026-04-10</subfield>
    <subfield code="y">RN</subfield>
  </datafield>
  <datafield tag="952" ind1=" " ind2=" ">
    <subfield code="0">0</subfield>
    <subfield code="1">0</subfield>
    <subfield code="4">0</subfield>
    <subfield code="7">0</subfield>
    <subfield code="a">BCEJYS</subfield>
    <subfield code="b">BCEJYS</subfield>
    <subfield code="c">17</subfield>
    <subfield code="d">1996-09-01</subfield>
    <subfield code="h">Vol. 64, N&#xBA; 4 - ene. 1996</subfield>
    <subfield code="l">0</subfield>
    <subfield code="o">H330.43 JES v64.n4</subfield>
    <subfield code="p">R13997</subfield>
    <subfield code="r">2026-04-10 16:10:21</subfield>
    <subfield code="w">2026-04-10</subfield>
    <subfield code="y">RN</subfield>
  </datafield>
  <datafield tag="952" ind1=" " ind2=" ">
    <subfield code="0">0</subfield>
    <subfield code="1">0</subfield>
    <subfield code="4">0</subfield>
    <subfield code="7">0</subfield>
    <subfield code="a">BCEJYS</subfield>
    <subfield code="b">BCEJYS</subfield>
    <subfield code="c">17</subfield>
    <subfield code="d">1996-05-01</subfield>
    <subfield code="h">Vol. 64, N&#xBA; 3 - may. 1996</subfield>
    <subfield code="l">0</subfield>
    <subfield code="o">H330.43 JES v64.n3</subfield>
    <subfield code="p">R13994</subfield>
    <subfield code="r">2026-04-10 16:10:21</subfield>
    <subfield code="w">2026-04-10</subfield>
    <subfield code="y">RN</subfield>
  </datafield>
  <datafield tag="952" ind1=" " ind2=" ">
    <subfield code="0">0</subfield>
    <subfield code="1">0</subfield>
    <subfield code="4">0</subfield>
    <subfield code="7">0</subfield>
    <subfield code="a">BCEJYS</subfield>
    <subfield code="b">BCEJYS</subfield>
    <subfield code="c">17</subfield>
    <subfield code="d">1996-03-01</subfield>
    <subfield code="h">Vol. 64, N&#xBA; 2 - mar. 1996</subfield>
    <subfield code="l">0</subfield>
    <subfield code="o">H330.43 JES v64.n2</subfield>
    <subfield code="p">R09984</subfield>
    <subfield code="r">2026-04-10 16:10:21</subfield>
    <subfield code="w">2026-04-10</subfield>
    <subfield code="y">RN</subfield>
  </datafield>
  <datafield tag="952" ind1=" " ind2=" ">
    <subfield code="0">0</subfield>
    <subfield code="1">0</subfield>
    <subfield code="4">0</subfield>
    <subfield code="7">0</subfield>
    <subfield code="a">BCEJYS</subfield>
    <subfield code="b">BCEJYS</subfield>
    <subfield code="c">17</subfield>
    <subfield code="d">1995-11-01</subfield>
    <subfield code="h">Vol. 63, N&#xBA; 6 - nov. 1995</subfield>
    <subfield code="l">0</subfield>
    <subfield code="o">H330.43 JES v63.n6</subfield>
    <subfield code="p">R10020</subfield>
    <subfield code="r">2026-04-10 16:10:21</subfield>
    <subfield code="w">2026-04-10</subfield>
    <subfield code="y">RN</subfield>
  </datafield>
  <datafield tag="952" ind1=" " ind2=" ">
    <subfield code="0">0</subfield>
    <subfield code="1">0</subfield>
    <subfield code="4">0</subfield>
    <subfield code="7">0</subfield>
    <subfield code="a">BCEJYS</subfield>
    <subfield code="b">BCEJYS</subfield>
    <subfield code="c">17</subfield>
    <subfield code="d">1995-09-01</subfield>
    <subfield code="h">Vol. 63, N&#xBA; 5 - sep 1995</subfield>
    <subfield code="l">0</subfield>
    <subfield code="o">H330.43 JES v63.n5</subfield>
    <subfield code="p">R10019</subfield>
    <subfield code="r">2026-04-10 16:10:21</subfield>
    <subfield code="w">2026-04-10</subfield>
    <subfield code="y">RN</subfield>
  </datafield>
  <datafield tag="952" ind1=" " ind2=" ">
    <subfield code="0">0</subfield>
    <subfield code="1">0</subfield>
    <subfield code="4">0</subfield>
    <subfield code="7">0</subfield>
    <subfield code="a">BCEJYS</subfield>
    <subfield code="b">BCEJYS</subfield>
    <subfield code="c">17</subfield>
    <subfield code="d">1995-07-01</subfield>
    <subfield code="h">Vol. 63, N&#xBA; 4 - jul.1995</subfield>
    <subfield code="l">0</subfield>
    <subfield code="o">H330.43 JES v63.n4</subfield>
    <subfield code="p">R10018</subfield>
    <subfield code="r">2026-04-10 16:10:21</subfield>
    <subfield code="w">2026-04-10</subfield>
    <subfield code="y">RN</subfield>
  </datafield>
  <datafield tag="952" ind1=" " ind2=" ">
    <subfield code="0">0</subfield>
    <subfield code="1">0</subfield>
    <subfield code="4">0</subfield>
    <subfield code="7">0</subfield>
    <subfield code="a">BCEJYS</subfield>
    <subfield code="b">BCEJYS</subfield>
    <subfield code="c">17</subfield>
    <subfield code="d">1995-05-01</subfield>
    <subfield code="h">Vol. 63, N&#xBA; 3 - may.1995</subfield>
    <subfield code="l">0</subfield>
    <subfield code="o">H330.43 JES v63.n3</subfield>
    <subfield code="p">R10017</subfield>
    <subfield code="r">2026-04-10 16:10:21</subfield>
    <subfield code="w">2026-04-10</subfield>
    <subfield code="y">RN</subfield>
  </datafield>
  <datafield tag="952" ind1=" " ind2=" ">
    <subfield code="0">0</subfield>
    <subfield code="1">0</subfield>
    <subfield code="4">0</subfield>
    <subfield code="7">0</subfield>
    <subfield code="a">BCEJYS</subfield>
    <subfield code="b">BCEJYS</subfield>
    <subfield code="c">17</subfield>
    <subfield code="d">1995-03-01</subfield>
    <subfield code="h">Vol. 63, N&#xBA; 2 - mar.1995</subfield>
    <subfield code="l">0</subfield>
    <subfield code="o">H330.43 JES v63.n2</subfield>
    <subfield code="p">R10016</subfield>
    <subfield code="r">2026-04-10 16:10:21</subfield>
    <subfield code="w">2026-04-10</subfield>
    <subfield code="y">RN</subfield>
  </datafield>
  <datafield tag="952" ind1=" " ind2=" ">
    <subfield code="0">0</subfield>
    <subfield code="1">0</subfield>
    <subfield code="4">0</subfield>
    <subfield code="7">0</subfield>
    <subfield code="a">BCEJYS</subfield>
    <subfield code="b">BCEJYS</subfield>
    <subfield code="c">17</subfield>
    <subfield code="d">1995-01-01</subfield>
    <subfield code="h">Vol. 63, N&#xBA; 1 - ene. 1995</subfield>
    <subfield code="l">0</subfield>
    <subfield code="o">H330.43 JES v63.n1</subfield>
    <subfield code="p">R10067</subfield>
    <subfield code="r">2026-04-10 16:10:21</subfield>
    <subfield code="w">2026-04-10</subfield>
    <subfield code="y">RN</subfield>
  </datafield>
  <datafield tag="952" ind1=" " ind2=" ">
    <subfield code="0">0</subfield>
    <subfield code="1">0</subfield>
    <subfield code="4">0</subfield>
    <subfield code="7">0</subfield>
    <subfield code="a">BCEJYS</subfield>
    <subfield code="b">BCEJYS</subfield>
    <subfield code="c">17</subfield>
    <subfield code="d">1994-11-01</subfield>
    <subfield code="h">Vol. 62, N&#xBA; 6 - nov. 1994</subfield>
    <subfield code="l">0</subfield>
    <subfield code="o">H330.43 JES v62.n6</subfield>
    <subfield code="p">R10068</subfield>
    <subfield code="r">2026-04-10 16:10:21</subfield>
    <subfield code="w">2026-04-10</subfield>
    <subfield code="y">RN</subfield>
  </datafield>
  <datafield tag="952" ind1=" " ind2=" ">
    <subfield code="0">0</subfield>
    <subfield code="1">0</subfield>
    <subfield code="4">0</subfield>
    <subfield code="7">0</subfield>
    <subfield code="a">BCEJYS</subfield>
    <subfield code="b">BCEJYS</subfield>
    <subfield code="c">17</subfield>
    <subfield code="d">1994-09-01</subfield>
    <subfield code="h">Vol. 62, N&#xBA; 5 - sep. 1994</subfield>
    <subfield code="l">0</subfield>
    <subfield code="o">H330.43 JES v62.n5</subfield>
    <subfield code="p">R10069</subfield>
    <subfield code="r">2026-04-10 16:10:21</subfield>
    <subfield code="w">2026-04-10</subfield>
    <subfield code="y">RN</subfield>
  </datafield>
  <datafield tag="952" ind1=" " ind2=" ">
    <subfield code="0">0</subfield>
    <subfield code="1">0</subfield>
    <subfield code="4">0</subfield>
    <subfield code="7">0</subfield>
    <subfield code="a">BCEJYS</subfield>
    <subfield code="b">BCEJYS</subfield>
    <subfield code="c">17</subfield>
    <subfield code="d">1994-07-01</subfield>
    <subfield code="h">Vol. 62, N&#xBA; 4 - jul. 1994</subfield>
    <subfield code="l">0</subfield>
    <subfield code="o">H330.43 JES v62.n4</subfield>
    <subfield code="p">R10070</subfield>
    <subfield code="r">2026-04-10 16:10:21</subfield>
    <subfield code="w">2026-04-10</subfield>
    <subfield code="y">RN</subfield>
  </datafield>
  <datafield tag="952" ind1=" " ind2=" ">
    <subfield code="0">0</subfield>
    <subfield code="1">0</subfield>
    <subfield code="4">0</subfield>
    <subfield code="7">0</subfield>
    <subfield code="a">BCEJYS</subfield>
    <subfield code="b">BCEJYS</subfield>
    <subfield code="c">17</subfield>
    <subfield code="d">1994-05-01</subfield>
    <subfield code="h">Vol. 62, N&#xBA; 3 - may. 1994</subfield>
    <subfield code="l">0</subfield>
    <subfield code="o">H330.43 JES v62.n3</subfield>
    <subfield code="p">R10071</subfield>
    <subfield code="r">2026-04-10 16:10:21</subfield>
    <subfield code="w">2026-04-10</subfield>
    <subfield code="y">RN</subfield>
  </datafield>
  <datafield tag="952" ind1=" " ind2=" ">
    <subfield code="0">0</subfield>
    <subfield code="1">0</subfield>
    <subfield code="4">0</subfield>
    <subfield code="7">0</subfield>
    <subfield code="a">BCEJYS</subfield>
    <subfield code="b">BCEJYS</subfield>
    <subfield code="c">17</subfield>
    <subfield code="d">1994-03-01</subfield>
    <subfield code="h">Vol. 62, N&#xBA; 2 - feb. 1994</subfield>
    <subfield code="l">0</subfield>
    <subfield code="o">H330.43 JES v62.n2</subfield>
    <subfield code="p">R10072</subfield>
    <subfield code="r">2026-04-10 16:10:21</subfield>
    <subfield code="w">2026-04-10</subfield>
    <subfield code="y">RN</subfield>
  </datafield>
  <datafield tag="952" ind1=" " ind2=" ">
    <subfield code="0">0</subfield>
    <subfield code="1">0</subfield>
    <subfield code="4">0</subfield>
    <subfield code="7">0</subfield>
    <subfield code="a">BCEJYS</subfield>
    <subfield code="b">BCEJYS</subfield>
    <subfield code="c">17</subfield>
    <subfield code="d">1994-01-01</subfield>
    <subfield code="h">Vol. 62, N&#xBA; 1 - ene. 1993</subfield>
    <subfield code="l">0</subfield>
    <subfield code="o">H330.43 JES v62.n1</subfield>
    <subfield code="p">R14005</subfield>
    <subfield code="r">2026-04-10 16:10:21</subfield>
    <subfield code="w">2026-04-10</subfield>
    <subfield code="y">RN</subfield>
  </datafield>
  <datafield tag="952" ind1=" " ind2=" ">
    <subfield code="0">0</subfield>
    <subfield code="1">0</subfield>
    <subfield code="4">0</subfield>
    <subfield code="7">0</subfield>
    <subfield code="a">BCEJYS</subfield>
    <subfield code="b">BCEJYS</subfield>
    <subfield code="c">17</subfield>
    <subfield code="d">1993-11-01</subfield>
    <subfield code="h">Vol. 61, N&#xBA; 6 - nov. 1993</subfield>
    <subfield code="l">0</subfield>
    <subfield code="o">H330.43 JES v61.n6</subfield>
    <subfield code="p">R10061</subfield>
    <subfield code="r">2026-04-10 16:10:21</subfield>
    <subfield code="w">2026-04-10</subfield>
    <subfield code="y">RN</subfield>
  </datafield>
  <datafield tag="952" ind1=" " ind2=" ">
    <subfield code="0">0</subfield>
    <subfield code="1">0</subfield>
    <subfield code="4">0</subfield>
    <subfield code="7">0</subfield>
    <subfield code="a">BCEJYS</subfield>
    <subfield code="b">BCEJYS</subfield>
    <subfield code="c">17</subfield>
    <subfield code="d">1993-09-01</subfield>
    <subfield code="h">Vol. 61, N&#xBA; 5 - sep. 1993</subfield>
    <subfield code="l">0</subfield>
    <subfield code="o">H330.43 JES v61.n5</subfield>
    <subfield code="p">R10057</subfield>
    <subfield code="r">2026-04-10 16:10:21</subfield>
    <subfield code="w">2026-04-10</subfield>
    <subfield code="y">RN</subfield>
  </datafield>
  <datafield tag="952" ind1=" " ind2=" ">
    <subfield code="0">0</subfield>
    <subfield code="1">0</subfield>
    <subfield code="4">0</subfield>
    <subfield code="7">0</subfield>
    <subfield code="a">BCEJYS</subfield>
    <subfield code="b">BCEJYS</subfield>
    <subfield code="c">17</subfield>
    <subfield code="d">1993-01-01</subfield>
    <subfield code="h">Vol. 61, N&#xBA; 1 - ene. 1993</subfield>
    <subfield code="l">0</subfield>
    <subfield code="o">H330.43 JES v61.n1</subfield>
    <subfield code="p">R10056</subfield>
    <subfield code="r">2026-04-10 16:10:21</subfield>
    <subfield code="w">2026-04-10</subfield>
    <subfield code="y">RN</subfield>
  </datafield>
  <datafield tag="952" ind1=" " ind2=" ">
    <subfield code="0">0</subfield>
    <subfield code="1">0</subfield>
    <subfield code="4">0</subfield>
    <subfield code="7">0</subfield>
    <subfield code="a">BCEJYS</subfield>
    <subfield code="b">BCEJYS</subfield>
    <subfield code="c">17</subfield>
    <subfield code="d">1992-07-01</subfield>
    <subfield code="h">Vol. 60, N&#xBA; 4 - jul. 2020</subfield>
    <subfield code="l">0</subfield>
    <subfield code="o">H330.43 JES v60.n4</subfield>
    <subfield code="p">R00463</subfield>
    <subfield code="r">2026-04-10 16:10:21</subfield>
    <subfield code="w">2026-04-10</subfield>
    <subfield code="y">RN</subfield>
  </datafield>
</record>
